000 00516nam a22001577a 4500
001 57754
005 20260410145038.0
008 260410c2025 |||wr|gdr|||| 00| 1eng d
040 _aBD-DhIUB
_cBD-DhIUB
_dBD-DhIUB
245 _aThe economist (September 2025 - December 2025 ):
_cThe economist newspaper Ltd.
260 _aLondon :
_bThe Economist Newspaper Ltd.,
_c2025.
300 _av. :
_bill.
_c27 cm.
650 4 _aEconomics
_921
_vPeriodicals
650 0 _aWorld politics
_92141
_vPeriodicals
942 _cCR
_2ddc
_s1
999 _c57754
_d57928